Kariera Fernando Alonso - Statystyki

Ogólne statystyki
  • Ten quiz został rozwiązany 22 razy
  • Średni wynik to 5 z 6
Statystyki odpowiedzi
Zespoły % Poprawnych
2003-20062008-2009 Renault
100%
2023- Aston Martin
95%
2010-2014 Ferrari
95%
20072015-2018 McLaren
95%
2021-2022 Alpine
86%
2001 Minardi
67%
Nie znaleziono quizów pasujących do podanych kryteriów
Rozkład punktacji
Procent ludzi z każdym wynikiem
Percentyl według liczby udzielonych odpowiedzi
Twoja historia wyników
Nie rozwiązałeś tego quizu